ბათუმის შოთა რუსთაველის სახელმწიფო უნივერსიტეტის ბიბლიოთეკა

Элементы наглядной геометрии в школе: Пособие для учителей. (ბიბ.ჩანაწერი № 39014)

000 -LEADER
fixed length control field 00627nam a2200205Ia 4500
001 - CONTROL NUMBER
control field 5519
003 - CONTROL NUMBER IDENTIFIER
control field GE_BSU
008 - FIXED-LENGTH DATA ELEMENTS--GENERAL INFORMATION
fixed length control field 181216s||||||||xx |||||||||||||| ||und||
040 ## - CATALOGING SOURCE
Transcribing agency GE_BSU
080 ## - UNIVERSAL DECIMAL CLASSIFICATION NUMBER
Universal Decimal Classification number 514(072)
100 ## - MAIN ENTRY--PERSONAL NAME
Personal name Карасев П.А.
245 ## - TITLE STATEMENT
Title Элементы наглядной геометрии в школе: Пособие для учителей.
245 ## - TITLE STATEMENT
Statement of responsibility, etc. Ред В.С. Кагустина
260 ## - PUBLICATION, DISTRIBUTION, ETC.
Place of publication, distribution, etc. Москва
260 ## - PUBLICATION, DISTRIBUTION, ETC.
Name of publisher, distributor, etc. Учпедгиз,
260 ## - PUBLICATION, DISTRIBUTION, ETC.
Date of publication, distribution, etc. 1955.
300 ## - PHYSICAL DESCRIPTION
Extent 202 с. 21 см.
653 ## - INDEX TERM--UNCONTROLLED
Uncontrolled term Элементы наглядной геометрии в школе
942 ## - ADDED ENTRY ELEMENTS (KOHA)
Koha item type წიგნი
ეგზემპლარები
Withdrawn status Lost status Damaged status Not for loan Date acquired Barcode Date last seen Price effective from Koha item type
        2018-12-17 16036 2018-12-17 2018-12-17 წიგნი